[Event "Niteroi op 1st"]
[Site "Niteroi"]
[Date "2019.09.06"]
[Round "5"]
[White "Gomes, Pedro Pessoa"]
[Black "Teixeira, Ricardo da Silva"]
[Result "1-0"]
[WhiteElo "1815"]
[BlackElo "2221"]
[PlyCount "97"]
[EventDate "2019.09.04"]
[EventType "swiss"]
[EventRounds "7"]
[EventCountry "BRA"]
[SourceTitle "EXT 2020"]
[Source "ChessBase"]
[SourceDate "2019.10.17"]
[SourceVersion "1"]
[SourceVersionDate "2019.10.17"]
[SourceQuality "1"]

1. c4 e6 2. Nc3 f5 3. g3 Nf6 4. Bg2 Be7 5. d4 0-0 6. Nf3 d6 7. 0-0 Ne4 8. Qc2 Nxc3 9. Qxc3 Nd7 10. Qb3 Nf6 11. Bg5 Ne4 12. Bxe7 Qxe7 13. e3 Kh8 14. Rfd1 c6 15. d5 cxd5 16. cxd5 e5 17. Rac1 b6 18. Nd2 Nc5 19. Qa3 e4 20. Bf1 Qd8 21. Nb3 Bd7 22. Nxc5 dxc5 23. b4 cxb4 24. Qxb4 a5 25. Qb3 Rb8 26. Bb5 Rf6 27. a4 Rd6 28. Rd4 h6 29. Bc6 Rc8 30. Rdc4 Bxc6 31. Rxc6 Rcxc6 32. dxc6 Qc7 33. Qb5 Rf6 34. Qd5 Kh7 35. Kf1 h5 36. Ke2 Kg6 37. Qd7 Rf7 38. Qe6+ Rf6 39. Qe8+ Rf7 40. h3 Kf6 41. g4 hxg4 42. hxg4 Re7 43. g5+ Ke6 44. Qg8+ Ke5 45. Qc4 f4 46. f3 Kf5 47. Qd5+ Kg6 48. fxe4 f3+ 49. Kd3 1-0

[Event "Niteroi op 1st"]
[Site "Niteroi"]
[Date "2019.09.05"]
[Round "2"]
[White "Teixeira, Ricardo da Silva"]
[Black "Nobre, Jailson Altair Barb"]
[Result "1-0"]
[WhiteElo "2221"]
[BlackElo "1658"]
[PlyCount "56"]
[EventDate "2019.09.04"]
[EventType "swiss"]
[EventRounds "7"]
[EventCountry "BRA"]
[SourceTitle "EXT 2020"]
[Source "ChessBase"]
[SourceDate "2019.10.17"]
[SourceVersion "1"]
[SourceVersionDate "2019.10.17"]
[SourceQuality "1"]

1. Nf3 Nf6 2. c4 d6 3. d4 g6 4. Nc3 Bg7 5. e4 0-0 6. Be2 Nbd7 7. 0-0 e5 8. d5 Nc5 9. Qc2 a5 10. Be3 Qe7 11. Nd2 Ne8 12. a3 f5 13. f3 f4 14. Bf2 Qg5 15. Kh1 h5 16. b4 Nd7 17. c5 Ndf6 18. Nc4 h4 19. bxa5 Nh5 20. Rfd1 h3 21. Rg1 Ng3+ 22. Bxg3 fxg3 23. gxh3 Bxh3 24. Rxg3 Qh4 25. Rag1 Kf7 26. Nxd6+ Nxd6 27. Rxg6 Bf6 28. Nd1 Rg8 1-0

[Event "Florianopolis op 5th"]
[Site "Florianopolis"]
[Date "2019.01.23"]
[Round "4"]
[White "Caetano, Ryan Wesley da Cost"]
[Black "Teixeira, Ricardo da Silva"]
[Result "1/2-1/2"]
[WhiteElo "2008"]
[BlackElo "2228"]
[PlyCount "65"]
[EventDate "2019.01.21"]
[EventType "swiss"]
[EventRounds "10"]
[EventCountry "BRA"]
[SourceTitle "CBM 188 Extra"]
[Source "ChessBase"]
[SourceDate "2019.02.26"]
[SourceVersion "1"]
[SourceVersionDate "2019.02.26"]
[SourceQuality "1"]

1. d4 e6 2. c4 f5 3. g3 Nf6 4. Bg2 Be7 5. Nf3 0-0 6. 0-0 d6 7. Nc3 a5 8. Qc2 Nc6 9. e4 Nb4 10. Qe2 fxe4 11. Nxe4 Nxe4 12. Qxe4 d5 13. Qe2 dxc4 14. Qxc4 Nd5 15. h4 h6 16. Ne5 Bf6 17. Re1 c6 18. Re4 Bxe5 19. dxe5 Qb6 20. Qe2 Bd7 21. Rg4 Kh8 22. Be4 Be8 23. Bg6 Ne7 24. Be3 Qc7 25. Bxe8 Rfxe8 26. Bc5 Nf5 27. Re4 Rad8 28. Rd1 Rd5 29. Ba3 Red8 30. Re1 Rd2 31. Qh5 Qd7 32. R1e2 Rxe2 33. Rxe2 1/2-1/2

[Event "Rio de Janeiro Duchamp op 2nd"]
[Site "Rio de Janeiro"]
[Date "2018.11.14"]
[Round "2"]
[White "Teixeira, Ricardo da Silva"]
[Black "Hoffman, Alejandro"]
[Result "0-1"]
[WhiteElo "2239"]
[BlackElo "2479"]
[PlyCount "92"]
[EventDate "2018.11.14"]
[EventType "swiss"]
[EventRounds "9"]
[EventCountry "BRA"]
[SourceTitle "CBM 187 Extra"]
[Source "ChessBase"]
[SourceDate "2018.11.04"]
[SourceVersion "1"]
[SourceVersionDate "2018.11.04"]
[SourceQuality "1"]

1. Nf3 d5 2. d4 Nf6 3. g3 c6 4. Bg2 Bf5 5. 0-0 e6 6. Nbd2 h6 7. c4 Be7 8. b3 0-0 9. Bb2 a5 10. a3 Ne4 11. Nxe4 Bxe4 12. Nd2 Bxg2 13. Kxg2 a4 14. b4 dxc4 15. e4 b5 16. f4 f5 17. Qe2 Bf6 18. Rad1 fxe4 19. Nxe4 Qd5 20. Kg1 Nd7 21. Nc5 Rae8 22. Rfe1 Rf7 23. Bc1 Nb6 24. Qe4 Qxe4 25. Rxe4 Rfe7 26. Rde1 Kf7 27. Kg2 Nc8 28. g4 g6 29. Bb2 Nb6 30. Kg3 Nd5 31. h4 h5 32. g5 Bg7 33. R1e2 Nb6 34. Kh3 Nc8 35. Re1 Nd6 36. R4e2 Nf5 37. Re4 Rd8 38. Rd1 e5 39. fxe5 Bxe5 40. dxe5 Rxd1 41. e6+ Ke8 42. Bf6 Rh1+ 43. Kg2 Rxh4 44. Re2 Rg4+ 45. Kf2 Rf4+ 46. Kg2 h4 0-1

[Event "American Continental 14th"]
[Site "Montevideo"]
[Date "2018.06.10"]
[Round "11"]
[White "Fernandez Cardoso, Alexey"]
[Black "Teixeira, Ricardo da Silva"]
[Result "0-1"]
[WhiteElo "2429"]
[BlackElo "2235"]
[PlyCount "40"]
[EventDate "2018.06.01"]
[EventType "swiss"]
[EventRounds "11"]
[EventCountry "URU"]
[SourceTitle "CBM 184 Extra"]
[Source "ChessBase"]
[SourceDate "2018.06.28"]
[SourceVersion "1"]
[SourceVersionDate "2018.06.28"]
[SourceQuality "1"]

1. e4 Nf6 2. e5 Nd5 3. d4 d6 4. c4 Nb6 5. exd6 exd6 6. Nc3 Nc6 7. d5 Ne5 8. Be2 Qe7 9. b3 g6 10. Be3 Bg7 11. Qd2 0-0 12. Nf3 Bg4 13. Nd4 Bxe2 14. Ndxe2 Rfe8 15. 0-0 Nbxc4 16. bxc4 Nxc4 17. Qd3 Nxe3 18. fxe3 Qxe3+ 19. Qxe3 Rxe3 20. Rf3 Rxe2 0-1

[Event "Rio de Janeiro IRT da Alex 1st"]
[Site "Rio de Janeiro"]
[Date "2018.01.11"]
[Round "6"]
[White "Von Buelow, Georg"]
[Black "Teixeira, Ricardo da Silva"]
[Result "1-0"]
[WhiteElo "2361"]
[BlackElo "2239"]
[PlyCount "60"]
[EventDate "2018.01.06"]
[EventType "tourn"]
[EventRounds "9"]
[EventCountry "BRA"]
[EventCategory "1"]
[SourceTitle "CBM 182 Extra"]
[Source "ChessBase"]
[SourceDate "2018.02.23"]
[SourceVersion "1"]
[SourceVersionDate "2018.02.23"]
[SourceQuality "1"]

1. e4 e6 2. d4 d5 3. Nc3 Bb4 4. e5 c5 5. a3 Bxc3+ 6. bxc3 Ne7 7. Qg4 Ng6 8. h4 h5 9. Qg3 Nc6 10. Nf3 Qa5 11. Bd2 Qa4 12. Bd3 Nce7 13. dxc5 Qg4 14. Rb1 Nc6 15. Bxg6 fxg6 16. 0-0 0-0 17. Be3 Qxg3 18. fxg3 Na5 19. Bg5 Nc4 20. a4 Rf7 21. Rfe1 Rc7 22. Nd4 Rxc5 23. Be7 Rc7 24. Bd6 Rf7 25. Nb5 Bd7 26. Nc7 Rc8 27. Rxb7 Bxa4 28. Rxa7 Bxc2 29. Rea1 Bf5 30. Ra8 Kh7 1-0

[Event "Rio de Janeiro IRT da Alex 1st"]
[Site "Rio de Janeiro"]
[Date "2018.01.07"]
[Round "2"]
[White "Perdomo, Leandro Daniel"]
[Black "Teixeira, Ricardo da Silva"]
[Result "1/2-1/2"]
[WhiteElo "2449"]
[BlackElo "2239"]
[PlyCount "136"]
[EventDate "2018.01.06"]
[EventType "tourn"]
[EventRounds "9"]
[EventCountry "BRA"]
[EventCategory "1"]
[SourceTitle "CBM 182 Extra"]
[Source "ChessBase"]
[SourceDate "2018.02.23"]
[SourceVersion "1"]
[SourceVersionDate "2018.02.23"]
[SourceQuality "1"]

1. d4 e6 2. c4 f5 3. Nc3 Nf6 4. Nf3 Bb4 5. Bg5 c5 6. Rc1 cxd4 7. Nxd4 Nc6 8. e3 0-0 9. Be2 Qa5 10. Bxf6 Rxf6 11. a3 Bf8 12. 0-0 a6 13. Qd2 d6 14. Rfd1 Rh6 15. f4 Nxd4 16. exd4 Bd7 17. b4 Qc7 18. Bf3 Re8 19. c5 d5 20. g3 Be7 21. Re1 Qd8 22. Re2 g5 23. Rce1 gxf4 24. Qxf4 Bg5 25. Qd6 Be7 26. Qf4 Bg5 27. Qe5 Bf6 28. Qe3 Bg5 29. Qd3 Rf8 30. Rf1 Kh8 31. Bg2 f4 32. Ref2 Rhf6 33. Rf3 fxg3 34. hxg3 Rxf3 35. Rxf3 Rxf3 36. Bxf3 Qf6 37. Kg2 Be8 38. Ne2 Bg6 39. Qc3 Be8 40. Ng1 Bh6 41. Be2 Bg6 42. Bf3 Bg7 43. Ne2 Be8 44. Nf4 Bd7 45. Ne2 Bb5 46. Qe3 Bh6 47. Nf4 Bxf4 48. Qxf4 Qxf4 49. gxf4 Kg7 50. Bd1 Kf6 51. Bc2 h6 52. a4 Be8 53. Kg3 Bd7 54. Kh4 Be8 55. Kh3 Bd7 56. Kg3 Bc6 57. Bd1 Be8 58. Bb3 Bd7 59. Bc2 Bc6 60. Kh4 Be8 61. Kg4 Bd7 62. Kh5 Kg7 63. Bb3 Be8+ 64. Kg4 Kf6 65. Bc2 Bd7 66. Kg3 Bc6 67. Kf2 Be8 68. Kg3 Bc6 1/2-1/2

[Event "Rio de Janeiro Duchamp Memorial"]
[Site "Rio de Janeiro"]
[Date "2017.11.19"]
[Round "1"]
[White "Teixeira, Ricardo da Silva"]
[Black "Rodi, Luis Ernesto"]
[Result "0-1"]
[WhiteElo "2225"]
[BlackElo "2339"]
[PlyCount "150"]
[EventDate "2017.11.19"]
[EventType "swiss"]
[EventRounds "9"]
[EventCountry "BRA"]
[EventCategory "1"]
[SourceTitle "CBM 181 Extra"]
[Source "ChessBase"]
[SourceDate "2017.12.12"]
[SourceVersion "1"]
[SourceVersionDate "2017.12.12"]
[SourceQuality "1"]

1. d4 d5 2. Nf3 Nf6 3. c4 e6 4. g3 dxc4 5. Qa4+ Nbd7 6. Bg2 a6 7. Qxc4 b5 8. Qc2 Bb7 9. 0-0 c5 10. a4 cxd4 11. Nxd4 Bxg2 12. Kxg2 Rc8 13. Qd1 Nb6 14. axb5 Qd5+ 15. Nf3 axb5 16. Nc3 Qc6 17. Bg5 Be7 18. Qb3 b4 19. Na4 0-0 20. Rfc1 Qb7 21. Nxb6 Qxb6 22. Rc4 Rxc4 23. Qxc4 Qb7 24. Rc1 h6 25. Bd2 Ne4 26. Qc7 Rb8 27. Bf4 Qxc7 28. Rxc7 Bd6 29. Rc4 Bxf4 30. Rxe4 Bd6 31. Nd2 Be7 32. b3 Rd8 33. Nc4 Rd1 34. Re3 Bf6 35. Rd3 Rb1 36. f4 Bc3 37. Na5 g6 38. h3 Kg7 39. g4 Re1 40. Kf2 Ra1 41. Nc4 Rb1 42. Na5 e5 43. fxe5 Bxe5 44. Rd7 Bc3 45. Rd3 Bf6 46. Nc6 Bh4+ 47. Ke3 Be1 48. Kd4 Rc1 49. Kd5 Kf6 50. Rf3+ Kg5 51. Rxf7 Rc3 52. Rf3 Kh4 53. Ne5 Bg3 54. Nxg6+ Kxh3 55. Ne5 Rc2 56. e4 Kh4 57. Nd3 Kxg4 58. Rf6 Rc3 59. Rg6+ Kf3 60. Rxh6 Rxd3+ 61. Kc4 Rd6 62. Rh8 Rb6 63. Re8 Rb7 64. e5 Ke4 65. e6 Bd6 66. Rd8 Ke5 67. Rd7 Rb8 68. e7 Re8 69. Rb7 Rxe7 70. Rb5+ Ke6 71. Rh5 Rf7 72. Rh3 Rf5 73. Re3+ Kd7 74. Rh3 Rc5+ 75. Kd4 Rc3 0-1

[Event "Rio de Janeiro Duchamp op"]
[Site "Rio de Janeiro"]
[Date "2017.11.18"]
[Round "9"]
[White "Lima, Darcy Gustavo Macha"]
[Black "Teixeira, Ricardo da Silva"]
[Result "1-0"]
[WhiteElo "2546"]
[BlackElo "2225"]
[PlyCount "75"]
[EventDate "2017.11.11"]
[EventType "swiss"]
[EventRounds "9"]
[EventCountry "BRA"]
[SourceTitle "CBM 181 Extra"]
[Source "ChessBase"]
[SourceDate "2017.12.12"]
[SourceVersion "1"]
[SourceVersionDate "2017.12.12"]
[SourceQuality "1"]

1. g3 f5 2. Bg2 Nf6 3. d3 d6 4. f4 e5 5. Nc3 c6 6. e4 Be7 7. Nf3 exf4 8. gxf4 Na6 9. 0-0 fxe4 10. dxe4 0-0 11. Kh1 Nc5 12. Nd4 d5 13. e5 Nfe4 14. Nxe4 Nxe4 15. c4 Bc5 16. Be3 Qh4 17. Qe1 Qxe1 18. Raxe1 Bxd4 19. Bxd4 Bf5 20. cxd5 cxd5 21. Rc1 b6 22. b4 Rac8 23. a4 Rxc1 24. Rxc1 Rc8 25. Rxc8+ Bxc8 26. Kg1 g6 27. Kf1 Kf7 28. Ke2 Bg4+ 29. Ke3 Bd7 30. a5 bxa5 31. bxa5 a6 32. Bf1 Bc8 33. Bb6 Ke7 34. Kd4 Bb7 35. Bc5+ Ke8 36. Bb4 Kd7 37. Bh3+ Ke8 38. Be6 1-0

[Event "Rio de Janeiro Duchamp op"]
[Site "Rio de Janeiro"]
[Date "2017.11.12"]
[Round "2"]
[White "Larrea, Manuel"]
[Black "Teixeira, Ricardo da Silva"]
[Result "1-0"]
[WhiteElo "2290"]
[BlackElo "2225"]
[PlyCount "63"]
[EventDate "2017.11.11"]
[EventType "swiss"]
[EventRounds "9"]
[EventCountry "BRA"]
[SourceTitle "CBM 181 Extra"]
[Source "ChessBase"]
[SourceDate "2017.12.12"]
[SourceVersion "1"]
[SourceVersionDate "2017.12.12"]
[SourceQuality "1"]

1. e4 c6 2. d4 d5 3. exd5 cxd5 4. c4 Nf6 5. Nc3 e6 6. Nf3 Bb4 7. cxd5 Nxd5 8. Bd2 0-0 9. Bd3 Nf6 10. 0-0 b6 11. Bg5 Bxc3 12. bxc3 Bb7 13. Re1 Nbd7 14. c4 Qc7 15. Rc1 Rac8 16. Qe2 Qc6 17. Qe3 Rfe8 18. Qf4 Nh5 19. Qh4 g6 20. Re3 e5 21. Be4 Qc7 22. Bxb7 Qxb7 23. dxe5 Ng7 24. g4 Rc5 25. Be7 Ra5 26. Ng5 h5 27. e6 fxe6 28. Nxe6 Nxe6 29. Rxe6 Nf8 30. Qf6 Nxe6 31. Qxe6+ Kg7 32. Qf6+ 1-0

[Event "Rio de Janeiro Padua Memorial 2nd"]
[Site "Rio de Janeiro"]
[Date "2017.10.14"]
[Round "3"]
[White "Limp, Eduardo Thelio"]
[Black "Teixeira, Ricardo da Silva"]
[Result "0-1"]
[WhiteElo "2379"]
[BlackElo "2208"]
[PlyCount "74"]
[EventDate "2017.10.12"]
[EventType "swiss"]
[EventRounds "6"]
[EventCountry "BRA"]
[SourceTitle "CBM 181 Extra"]
[Source "ChessBase"]
[SourceDate "2017.12.12"]
[SourceVersion "1"]
[SourceVersionDate "2017.12.12"]
[SourceQuality "1"]

1. d4 e6 2. Nf3 f5 3. c3 Nf6 4. Bg5 Be7 5. Nbd2 Ne4 6. Bxe7 Qxe7 7. Qc2 Nxd2 8. Nxd2 0-0 9. f4 d6 10. e3 e5 11. 0-0-0 Kh8 12. h3 exf4 13. exf4 Qh4 14. Bd3 Qxf4 15. g4 Nc6 16. Rdf1 Qh6 17. h4 Bd7 18. g5 Qe6 19. h5 Qxa2 20. Bxf5 Bxf5 21. Rxf5 Qe6 22. Rhf1 Rxf5 23. Qxf5 Qxf5 24. Rxf5 Kg8 25. Nc4 Rf8 26. Rxf8+ Kxf8 27. Kd2 Kf7 28. Ke3 Ke6 29. Kf4 b5 30. Ne3 Ne7 31. Ke4 c6 32. b4 Nd5 33. Nxd5 cxd5+ 34. Kf4 g6 35. Kg4 Kd7 36. hxg6 hxg6 37. Kf4 Kc6 0-1

[Event "Rio de Janeiro zt RJ"]
[Site "Rio de Janeiro"]
[Date "2017.09.07"]
[Round "6"]
[White "Teixeira, Ricardo da Silva"]
[Black "Limp, Eduardo Thelio"]
[Result "0-1"]
[WhiteElo "2201"]
[BlackElo "2377"]
[PlyCount "40"]
[EventDate "2017.09.02"]
[EventType "swiss"]
[EventRounds "6"]
[EventCountry "BRA"]
[SourceTitle "CBM 180 Extra"]
[Source "ChessBase"]
[SourceDate "2017.10.06"]
[SourceVersion "1"]
[SourceVersionDate "2017.10.06"]
[SourceQuality "1"]

1. e4 c5 2. c3 Nf6 3. e5 Nd5 4. Nf3 Nc6 5. g3 d6 6. exd6 exd6 7. Bg2 Qe7+ 8. Kf1 Bg4 9. h3 Bh5 10. d4 0-0-0 11. c4 Nb6 12. g4 Bg6 13. b3 d5 14. a4 dxc4 15. a5 Nd5 16. Ba3 c3 17. Qc1 c2 18. Nbd2 Nc3 19. Ne1 Qe2+ 20. Kg1 Nd1 0-1

[Event "Rio de Janeiro zt RJ"]
[Site "Rio de Janeiro"]
[Date "2017.09.03"]
[Round "4"]
[White "Guimaraes, Wagner Peixoto"]
[Black "Teixeira, Ricardo da Silva"]
[Result "0-1"]
[WhiteElo "2194"]
[BlackElo "2201"]
[PlyCount "92"]
[EventDate "2017.09.02"]
[EventType "swiss"]
[EventRounds "6"]
[EventCountry "BRA"]
[SourceTitle "CBM 180 Extra"]
[Source "ChessBase"]
[SourceDate "2017.10.06"]
[SourceVersion "1"]
[SourceVersionDate "2017.10.06"]
[SourceQuality "1"]

1. e4 e6 2. d4 d5 3. Nd2 Nc6 4. Ngf3 g6 5. Bb5 Bg7 6. c3 Nge7 7. 0-0 0-0 8. Re1 b6 9. e5 Nb8 10. Bf1 c5 11. dxc5 bxc5 12. c4 Qc7 13. b3 Nec6 14. Bb2 d4 15. Bd3 Nd7 16. Be4 Bb7 17. Bxc6 Qxc6 18. Kf1 Rad8 19. Ne4 Nxe5 20. Nxe5 Bxe5 21. f3 Qc7 22. g3 Bg7 23. Kg1 e5 24. Ba3 Bxe4 25. fxe4 a5 26. Qd3 f5 27. Rf1 Qc6 28. Rae1 Rde8 29. Bc1 a4 30. bxa4 Qxa4 31. exf5 gxf5 32. Rxf5 Rxf5 33. Qxf5 Qxc4 34. Bg5 Rf8 35. Qb1 d3 36. Be3 Qd5 37. Qb5 Rc8 38. a4 e4 39. Kg2 Bd4 40. Bxd4 e3+ 41. Kh3 Qxd4 42. Qa6 Rf8 43. Qe6+ Kh8 44. g4 e2 45. Qe7 Rf3+ 46. Kh4 Qf6+ 0-1

[Event "Rio de Janeiro Andrade Memorial 1st"]
[Site "Rio de Janeiro"]
[Date "2017.06.17"]
[Round "4"]
[White "Santos Filho, Tadeu Souza"]
[Black "Teixeira, Ricardo da Silva"]
[Result "1/2-1/2"]
[WhiteElo "2058"]
[BlackElo "2208"]
[PlyCount "151"]
[EventDate "2017.06.15"]
[EventType "swiss"]
[EventRounds "6"]
[EventCountry "BRA"]
[SourceTitle "EXT 2018"]
[Source "ChessBase"]
[SourceDate "2017.10.13"]
[SourceVersion "1"]
[SourceVersionDate "2017.10.13"]
[SourceQuality "1"]

1. e4 e6 2. d3 c5 3. Nf3 Nc6 4. g3 b6 5. Bg2 Bb7 6. Nbd2 d6 7. 0-0 Nf6 8. Re1 Qc7 9. a4 Be7 10. c3 0-0 11. Qe2 Rac8 12. Nh4 Nd7 13. Nhf3 Rfe8 14. Nf1 Bf8 15. Ng5 h6 16. Nh3 e5 17. Ne3 Nf6 18. Nf5 Ne7 19. g4 Nxf5 20. gxf5 c4 21. f3 d5 22. dxc4 dxe4 23. fxe4 Qxc4 24. Qf3 Red8 25. Nf2 Bc5 26. Be3 Qb3 27. Bxc5 Rxc5 28. Qe2 Qc4 29. Qc2 Rc7 30. Red1 Rcd7 31. Rxd7 Rxd7 32. Bf3 Qc5 33. Qe2 a5 34. Re1 Bc6 35. Qc2 Nh7 36. Bg2 Nf8 37. Bh3 Qe7 38. Bg2 Qg5 39. Re2 Nh7 40. Kf1 Nf6 41. Bf3 Qh4 42. Kg2 Nh5 43. Bxh5 Qxh5 44. Kg1 Qg5+ 45. Kf1 b5 46. axb5 Bxb5 47. c4 Bc6 48. b3 Qf4 49. h3 Rd4 50. Ke1 Qf3 51. Kf1 h5 52. Kg1 Rd6 53. Kf1 g6 54. fxg6 Rxg6 55. Qd3 Qg2+ 56. Ke1 Rf6 57. Nd1 Rf1+ 58. Kd2 Qg5+ 59. Kc2 Qf4 60. Kb2 Kh7 61. Kc2 Rf3 62. Re3 Rxe3 63. Qxe3 Bxe4+ 64. Kc3 Qxe3+ 65. Nxe3 f5 66. c5 Kg6 67. h4 Kf6 68. Nc4 Ke6 69. Nxa5 Kd5 70. b4 Bg2 71. Nc4 f4 72. c6 Kxc6 73. Nxe5+ Kb5 74. Kd4 Ba8 75. Nd3 f3 76. Ke3 1/2-1/2